000
00306 a2200157 4500
001
164570
020
_a
040
_c
Magnum
100
_a
Rey, Marcos
240
1
0
_a
Gincana da morte
_l
por
245
1
0
_a
Gincana da morte
362
0
_a
1899
440
1
_a
Ática
697
_a
J/SUSPENSE
942
_c
BK
999
_c
164570
_d
164570